| 000 | 00734nam a2200253Ia 4500 | ||
|---|---|---|---|
| 008 | 161112s9999 xx 000 0 und d | ||
| 020 | _a978-1-845331-56-6 | ||
| 050 | _aCUL TX 652 | ||
| 050 | _b.R69 2006 | ||
| 100 | _aRowe, Silvena. | ||
| 245 | 0 | _aFeasts : | |
| 245 | 0 | _bfood for sharing from central and astern Europe / | |
| 245 | 0 | _cSilvena Rowe; photographs by Jonathan Lovekin. | |
| 260 | _aGreat Britain : | ||
| 260 | _bOctopus Pub. Group Ltd., | ||
| 260 | _c2006 | ||
| 300 | _a192 pages : | ||
| 300 | _bcolor illustrations ; | ||
| 300 | _c25 cm. | ||
| 500 | _aIncludes bibliographical references and index. | ||
| 650 | _aCooking, eastern Europe. | ||
| 650 | _aFeasts. | ||
| 650 | _xCooking, central Europe. | ||
| 999 |
_c305214 _d305214 |
||